|
|
|
|
| LEADER |
00000nam0a2200000 4500 |
| 001 |
293934 |
| 005 |
20231102000636.0 |
| 035 |
|
|
|a (RuTPU)RU\TPU\book\318984
|
| 090 |
|
|
|a 293934
|
| 100 |
|
|
|a 20150507d1970 km y0rusy50 ca
|
| 101 |
0 |
|
|a rus
|
| 102 |
|
|
|a RU
|
| 105 |
|
|
|a a z 001zy
|
| 200 |
1 |
|
|a Требования к гидрогеологическим исследованиям на месторождениях, осваиваемых открытым способом. Руководство по дренированию карьерных полей
|a Раздел V: Гидрогеологические исследования придетальной разведке месторождений, подлежащих разработке открытым способом. Раздел VI: Гидрогеологические наблюдения при строительстве и эксплуатации карьеров
|f Всесоюзный научно-исследовательский институт горной геомеханики и маркшейдерского дела (ВНИМИ)
|
| 210 |
|
|
|a Ленинград
|c Изд-во ВНИМИ
|d 1970
|
| 215 |
|
|
|a 173 с.
|c ил.
|
| 320 |
|
|
|a Библиогр. в конце разд.
|
| 606 |
1 |
|
|a Гидрогеологические исследования
|x Обработка результатов
|2 stltpush
|3 (RuTPU)RU\TPU\subj\6620
|9 34455
|
| 610 |
1 |
|
|a открытый способ
|
| 610 |
1 |
|
|a разработка месторождений
|
| 610 |
1 |
|
|a дренирование
|
| 610 |
1 |
|
|a карьерные поля
|
| 610 |
1 |
|
|a карьеры
|
| 610 |
1 |
|
|a строительство
|
| 610 |
1 |
|
|a эксплуатация
|
| 610 |
1 |
|
|a требования
|
| 610 |
1 |
|
|a руководства
|
| 610 |
1 |
|
|a результаты
|
| 610 |
1 |
|
|a обработка
|
| 675 |
|
|
|a 556.3.04
|v 3
|
| 712 |
0 |
2 |
|a Всесоюзный научно-исследовательский институт горной геомеханики и маркшейдерского дела (ВНИМИ)
|2 stltpush
|3 (RuTPU)RU\TPU\col\12156
|
| 801 |
|
1 |
|a RU
|b 63413507
|c 20150507
|
| 801 |
|
2 |
|a RU
|b 63413507
|c 20180907
|g RCR
|
| 942 |
|
|
|c BK
|